000 00995nas a2200337 4500
001 BR2013009697
003 BR-BrBNA
005 20231205123312.0
007 ta
008 230509b bl.|||p| |||| 00| 00por d
040 _aBR-BrBNA
_bpor
_cBiblioteca Nacional de Agricultura
041 _a(Pt)
072 _aF30; F40
100 1 _aPerazzo, A.F.
100 1 _aSantos, E.M.
100 1 _aPinho, R.M.A.
100 1 _aCampos, F.S.
100 1 _aRamos, J.P. de F.
100 1 _aAquino, M.M. de
100 1 _aSilva, T.C. da
100 1 _aBezerra, H.F.C.
245 1 _aCaracterísticas agronômicas e eficiência do uso da chuva em cultivares de sorgo no semiárido
650 _aSORGO
650 _aCARACTERÍSTICAS AGRONÔMICAS
650 _aGENÓTIPO
650 _aCHUVA
650 _aRENDIMENTO
773 0 _tCiência Rural (Brazil)
_xISSN 0103-8478
_g(Oct 2013), v. 43 (10) p. 1771-1776
_wBR2013009697
909 _a202311
_bLúcia
_c55
_dLúcia Elande
942 _2AGRIS
_n0
_cANA
999 _c233203
_d233203